Domestic Airlines of India - Statistics

General Stats
  • This quiz has been taken 15 times
  • The average score is 5 of 11
Answer Stats
Answer % Correct
AIR INDIA
100%
INDIGO
100%
AIR INDIA EXPRESS
67%
AKASA AIR
56%
SPICE JET
56%
STAR AIR
33%
FLY 91
22%
AIR ALLIANCE
11%
AIX CONNECT
11%
FLY BIG
11%
VISTARA(merged)
11%
No matching quizzes found
Score Distribution
Percent of People with Each Score
Percentile by Number Answered
Your Score History
You have not taken this quiz